000
00313nam a2200133Ia 4500
008
240624s9999 xx 000 0 und d
041
_a
eng
082
_a
658.4063 FIS
100
_a
FISK PETER
245
_a
BUSINESS GENIUS
260
_c
2008
_a
UK
_b
Capstone
300
_a
x, : 349 : p. : cm. ; 18
365
_c
_b
30
999
_c
12700
_d
12700